MARC

LEADER 00000nam0a2200000 4500
001 372141
005 20231102012440.0
035 |a (RuTPU)RU\TPU\retro\29562 
035 |a RU\TPU\book\88189 
090 |a 372141 
100 |a 20221214d1969 k y0rusy50 ca 
101 0 |a rus 
102 |a RU 
105 |a a z 001zy 
200 1 |a Тектоника  |f Ю. А. Косыгин 
210 |a Москва  |c Недра  |d 1969 
215 |a 616 с.  |c ил. 
320 |a Библиогр.: с. 560-600 
320 |a Указатель тектон. терминов: с. 601-610 
606 1 |a Тектоника  |2 stltpush  |3 (RuTPU)RU\TPU\subj\58770  |9 76521 
610 1 |a терминология 
610 1 |a слоистые структуры 
610 1 |a слои 
610 1 |a дислокации 
610 1 |a геологические формации 
610 1 |a оболочки 
610 1 |a тектонические движения 
610 1 |a земная кора 
675 |a 551.24  |v 3 
700 1 |a Косыгин  |b Ю. А.  |g Юрий Александрович 
801 0 |a RU  |b 63413507  |c 20011210  |g PSBO 
801 2 |a RU  |b 63413507  |c 20221214  |g PSBO 
900 |a Геотектоника и геодинамика 
942 |c BK